Библиография Победы

“Убежден: опыт солидарности, партнерства в годы борьбы с общей угрозой — это наше бесценное наследие, прочная опора именно сейчас, когда набирает силу необратимое движение к более справедливому многополярному миру, основанному на принципах доверия и неделимой безопасности, равных возможностей для самобытного и свободного развития всех стран и народов.”

В.В. Путин

Комсомолец Владимир Князев. Токарь, лучший производственник Н-ского завода. Систематически выполняет 3-4 нормы в смену (Запись № 77082)

Подробности
000 -МАРКЕР
контрольное поле 04341nkm0a2200577 4500
001 - ИДЕНТИФИКАТОР ЗАПИСИ
контрольное поле RU\NLR\bibl\2087260
005 - ИДЕНТИФИКАТОР ВЕРСИИ
контрольное поле 20250806204037.0
020 ## - НОМЕР ДОКУМЕНТА В НАЦИОНАЛЬНОЙ БИБЛИОГРАФИИ
Код страны российская федерация
Номер 1124
Основное заглавие издания Российской книжной палаты ЛЕНИНГРАД В ВЕЛИКОЙ ОТЕЧЕСТВЕННОЙ ВОЙНЕ : Печать Ленинграда, 1941 - 1945 : каталог изданий, хранящихся в фондах Гос. Публ. б-ки, вып.2. Листовки, плакаты, открытки, альбомы / Гос. публ. б-ка им. М.Е. Салтыкова-Щедрина. - Ленинград, 1972
035 ## - ДРУГИЕ СИСТЕМНЫЕ НОМЕРА
Идентификатор записи (NLR Aleph) 010198928
071 50 - ИЗДАТЕЛЬСКИЙ НОМЕР
Номер, присвоенный агентством 2582
Цена 50 коп.
-- 15000
100 ## - ДАННЫЕ ОБЩЕЙ ОБРАБОТКИ
Данные общей обработки 20140127d1943 u y0rusy50 ca
101 0# - ЯЗЫК РЕСУРСА
Язык текста, звукозаписи и т.д. русский
102 ## - СТРАНА ПУБЛИКАЦИИ ИЛИ ПРОИЗВОДСТВА
Страна публикации российская федерация
116 ## - ПОЛЕ КОДИРОВАННЫХ ДАННЫХ: ИЗОБРАЗИТЕЛЬНЫЕ МАТЕРИАЛЫ
Кодированные данные для изобразительных материалов. diyc||||||zz ae
135 ## - ПОЛЕ КОДИРОВАННЫХ ДАННЫХ: ЭЛЕКТРОННЫЕ РЕСУРСЫ
Кодированные данные для электронного ресурса crcn 024apaba
200 1# - ЗАГЛАВИЕ И СВЕДЕНИЯ ОБ ОТВЕТСТВЕННОСТИ
Основное заглавие Комсомолец Владимир Князев. Токарь, лучший производственник Н-ского завода. Систематически выполняет 3-4 нормы в смену
Общее обозначение материала Изоматериал
Сведения, относящиеся к заглавию почтовая карточка
Первые сведения об ответственности худож.: В. Пилявский
Последующие сведения об ответственности ред.: Г. Семенова
210 ## - ПУБЛИКАЦИЯ, РАСПРОСТРАНЕНИЕ И ДР.
Место издания, распространения и т.д. Ленинград
Имя издателя, распространителя и т. д. Искусство
Дата издания, распространения и т.д. 1943
Имя изготовителя ЛТ УН-1
215 ## - ФИЗИЧЕСКАЯ ХАРАКТЕРИСТИКА
Специфическое обозначение материала и объем 1 л.
Другие сведения о физической характеристике цв. автотип.
Размеры 15,7х11,2
300 ## - ОБЩИЕ ПРИМЕЧАНИЯ
Текст примечания Ценз. разрешение: М-02973
300 ## - ОБЩИЕ ПРИМЕЧАНИЯ
Текст примечания Изд. номер: 2582
321 1# - ПРИМЕЧАНИЯ ОБ ОТДЕЛЬНО ИЗДАННЫХ УКАЗАТЕЛЯХ / РЕФЕРАТАХ / ССЫЛКАХ, ОТРАЖАЮЩИХ КАТАЛОГИЗИРУЕМЫЙ ДОКУМЕНТ
Примечания об указателях, рефератах, ссылках Сражающийся Ленинград. Почтовая открытка = Postcard. Leningrad in strugle : энциклопедический каталог / А.Д. Гдалин, М.Р. Иванова ; [Союз проф. литераторов России и др.]. - Санкт-Петербург : Инфо-Да, 2007.
Местонахождение в источнике 482
325 1# - ПРИМЕЧАНИЕ О КОПИИ
Текст примечания Электронная копия доступна в Электронной библиотеке РНБ
327 0# - ПРИМЕЧАНИЯ О СОДЕРЖАНИИ
Текст примечания Портрет, голова, прямолично, в круглом медальоне; внизу Петропавловская крепость и памятник Петру I ("Медный всадник") в Ленинграде
517 1# - ДРУГИЕ ВАРИАНТЫ ЗАГЛАВИЯ
Вариант заглавия Токарь, лучший производственник Н-ского завода
517 1# - ДРУГИЕ ВАРИАНТЫ ЗАГЛАВИЯ
Вариант заглавия Систематически выполняет 3-4 нормы в смену
540 1# - ДОПОЛНИТЕЛЬНОЕ ЗАГЛАВИЕ, ПРИМЕНЯЕМОЕ КАТАЛОГИЗАТОРОМ
Заглавие Князев Владимир, токарь, комсомолец
540 1# - ДОПОЛНИТЕЛЬНОЕ ЗАГЛАВИЕ, ПРИМЕНЯЕМОЕ КАТАЛОГИЗАТОРОМ
Заглавие Портрет, голова, прямолично, в круглом медальоне; внизу Петропавловская крепость и памятник Петру I ("Медный всадник") в Ленинграде
540 1# - ДОПОЛНИТЕЛЬНОЕ ЗАГЛАВИЕ, ПРИМЕНЯЕМОЕ КАТАЛОГИЗАТОРОМ
Заглавие Петропавловская крепость (Ленинград)
540 1# - ДОПОЛНИТЕЛЬНОЕ ЗАГЛАВИЕ, ПРИМЕНЯЕМОЕ КАТАЛОГИЗАТОРОМ
Заглавие Памятник Петру I (Ленинград)
540 1# - ДОПОЛНИТЕЛЬНОЕ ЗАГЛАВИЕ, ПРИМЕНЯЕМОЕ КАТАЛОГИЗАТОРОМ
Заглавие Медный всадник (Ленинград)
606 1# - НАИМЕНОВАНИЕ ТЕМЫ КАК ПРЕДМЕТ
Наименование темы Блокада Ленинграда
Хронологический подзаголовок 1941 - 1944
Тематический подзаголовок Изображение на почтовых открытках маркированных художественных
Хронологический подзаголовок 1941 - 1945
Код системы nlr_sh2
Идентификатор авторитетной/нормативной записи RU\NLR\auth\6601539002
686 ## - ИНДЕКСЫ ДРУГИХ КЛАССИФИКАЦИЙ
Индекс Щ153(2Р=Рус)7-489
686 ## - ИНДЕКСЫ ДРУГИХ КЛАССИФИКАЦИЙ
Индекс Щ153(2Р=Рус)7-3
700 #1 - ИМЯ ЛИЦА - ПЕРВИЧНАЯ ОТВЕТСТВЕННОСТЬ
Начальный элемент ввода Пилявский
Часть имени, кроме начального элемента ввода В. И.
Даты 1910-1984
Расширение инициалов личного имени Владимир Иванович
Идентификатор авторитетной/нормативной записи RU\NLR\auth\770126908
Код отношения Карикатурист, Художник
702 #1 - ИМЯ ЛИЦА - ВТОРИЧНАЯ ОТВЕТСТВЕННОСТЬ
Начальный элемент ввода Семенова
Часть имени, кроме начального элемента ввода Г. В.
Дополнения к именам, кроме дат искусствовед
Расширение инициалов личного имени Галина Васильевна
Идентификатор авторитетной/нормативной записи RU\NLR\auth\770129373
Код отношения Редактор
702 #1 - ИМЯ ЛИЦА - ВТОРИЧНАЯ ОТВЕТСТВЕННОСТЬ
Начальный элемент ввода Князев
Часть имени, кроме начального элемента ввода В.
Расширение инициалов личного имени Владимир
Код отношения Прочие
801 #0 - ИСТОЧНИК ЗАПИСИ
Страна российская федерация
Организация NLR
Дата составления 19720101
Правила каталогизации PSBO
801 #1 - ИСТОЧНИК ЗАПИСИ
Страна российская федерация
Организация NLR
Дата составления 20140127
Правила каталогизации RCR
852 ## - МЕСТОНАХОЖДЕНИЕ И ШИФР ХРАНЕНИЯ
Идентификатор организации NLR
Наименование фонда или коллекции (Sub-Location Identifier) Л3-310о
Шифр хранения (Call Number) 28/13
856 #0 - МЕСТОНАХОЖДЕНИЕ ЭЛЕКТРОННЫХ РЕСУРОВ И ДОСТУП К НИМ
Универсальный идентификатор ресурса (Uniform Resource Identifier) http://vivaldi.nlr.ru/lo000070397/view
856 #1 - МЕСТОНАХОЖДЕНИЕ ЭЛЕКТРОННЫХ РЕСУРОВ И ДОСТУП К НИМ
Универсальный идентификатор ресурса (Uniform Resource Identifier) http://vivaldi.nlr.ru/lo000070397/cover
856 #2 - МЕСТОНАХОЖДЕНИЕ ЭЛЕКТРОННЫХ РЕСУРОВ И ДОСТУП К НИМ
Универсальный идентификатор ресурса (Uniform Resource Identifier) http://vivaldi.nlr.ru/lo000070397/text
901 ## - ДАННЫЕ ОБ ОБЪЕКТЕ ОЦИФРОВКИ
-- Изографические материалы
942 ## - ДОПОЛНИТЕЛЬНЫЕ ЭЛЕМЕНТЫ ЗАПИСИ (АБИС)
Тип экземпляра АБИС Визуальный материал
945 ## - Информацию об издании предоставили:
Полное название организации, предоставившей материал Российская национальная библиотека
980 ## - КОЛЛЕКЦИЯ
Название коллекции Библиография Победы
981 37 - КОЛЛЕКЦИЯ ЭЛЕКТРОННОЙ БИБЛИОТЕКИ
Название коллекции Ленинград в Великой Отечественной войне
Название подколлекции Открытки блокадного Ленинграда
981 17 - КОЛЛЕКЦИЯ ЭЛЕКТРОННОЙ БИБЛИОТЕКИ
Название коллекции Изографические материалы
Название подколлекции Открытки

Нет доступных экземпляров.